00878 2200193 4500001002100000005001500021035002000036245025300056100001900309250002000328300005100348856002200399700010600421260006800527082001000595084001600605020002200621600004100643INLIS00000000114815120260331014313 a0010-03260006621 aPERAN STRATEGIS BUM DESA UNTUK PEMBERDAYAAN MASYARAKAT /cPenulis; Dr. Hj. Ellen Rusliati, S.E, M.S.I.E dan Dr. Hj. Mujibah A. Sufyani, S,E,, M.M, Editor; Zakiyatur Rosidah, Desain Cover; Ali Hasan Zein, Tata Letak; Tata, Proofreader; Mira Muarifah0 aEllen Rusliati aCetakan Pertama ax, 85 hlm :bIlustrasi ;c15.5 x 23 cmeKertas aPerpustakaan Umum0 aEditor; Zakiyatur Rosidah, Desain Cover; Ali Hasan Zein, Tata Letak; Tata, Proofreader; Mira Muarifah aYogyakarta :bDEEPUBLISH (Grup Penerbitan CV BUDI UTAMA),c2025 a338.9 a338.9 ELL p a978-623-02-9245-3 4aPermasalahan dan Kesejahtraan Sosial